000 00929cam a22002778a 4500
008
020 _a0443031630 (hbk.)
049 _aMAIN
090 _aRG527 CHU
100 1 0 _aChudleigh, Patricia.
245 1 0 _aObstetric ultrasound :
_bhow, why and when /
_cPatricia Chudleigh, J. Malcolm Pearce ; foreword by Stuart Campbell.
260 0 _aEdinburgh ;
_aNew York :
_bChurchill Livingstone,
_c1986.
300 _a194 p. ;
_bill. :
_c25 cm.
504 _aIncludes bibliographical references.
500 _aIncludes index.
650 0 _aUltrasonics in obstetrics.
650 2 _aPregnancy Complications
_xdiagnosis.
650 2 _aPrenatal Diagnosis
_xmethods.
650 2 _aUltrasonic Diagnosis
_xin pregnancy.
700 1 0 _aPearce, J. Malcolm.
907 _a.b10218634
_b10-05-13
_c02-11-06
003
005 20230120203933.0
040 _cNUST
942 _cBOOKS
_kRG527 CHU
999 _c114201
_d114201